000 00351nam a22001577a 4500
005 20240412152729.0
008 160627b xxu||||| |||| 00| 0 eng d
041 _aeng
082 _b10466
100 _aFunk, Wilfred
_92925
245 _aSix Weeks to words of Power
260 _bBenny
_c2004
300 _a265
650 _aManagement
942 _cBK
999 _c4229
_d4228